Animals General Knowledge - Statistics

General Stats
  • This quiz has been taken 209 times
    194 since last reset
  • The average score is 5 of 15
Answer Stats
Question Answer % Correct
What color are Polar Bears' skin? Black
94%
Do male mosquitoes bite you? (yes or no) No
93%
What animals have three hearts? Octopus
76%
What is the only animal that cannot jump? Elephant
64%
What type of animal is known to be immortal? Jellyfish
57%
What is the only animal that can blush? Human
38%
What animal spends 2 hours a day awake? Koala
36%
What animal can easily kill a lion? Giraffe
17%
How many glasses of milk does a cow make in a lifetime? 200,000
11%
What animal only has one gender? Earthworm
11%
What animal has 4 noses? Slug
10%
What animals' heart is in it's head? Shrimp
9%
What animal will physically laugh out loud if you tickle it? Rat
6%
How long do mosquitoes usually live? One day
3%
How far away can a lion's roar be heard? (kilometers) 8 kilometers
1%
No matching quizzes found
Score Distribution
Percent of People with Each Score
Percentile by Number Answered
Your Score History
You have not taken this quiz since the last reset